| 000 | 00359nam a2200109Ia 4500 | ||
|---|---|---|---|
| 008 | 160531s9999 xx 000 0 und d | ||
| 100 | _aLippman, David. | ||
| 245 | _aPrecalculus: An Investigation of Functions | ||
| 245 | _cby David Lippman, Melonie Rasmussen | ||
| 260 | _c2011 | ||
| 856 | _uhttp://www.opentextbookstore.com/precalc/1.5/Precalc%20Solutions.pdf | ||
| 999 |
_c295051 _d295051 |
||